Continuing the revolution : the political thought of Mao /

Saved in:
Bibliographic Details
Main Author: Starr, John Bryan
Format: Book
Language:English
Published: Princeton, N.J. : Princeton University Press, c1979.
Subjects:
LEADER 01308nam a2200361 a 4500
001 c000332774
003 CARM
005 20001006201551.0
008 781019s1979 nju b 001 0 eng
010 |a 78063597 
019 1 |a 1296276  |z 23870411  |5 LACONCORD2021 
020 |a 0691075964 :  |c $20.00 
020 |a 0691075964 
035 |a (OCoLC)4490748  |5 LACONCORD2021 
040 |a LC  |b eng  |c LC  |d VBAX 
050 4 |a DS778.M3  |b S76 
050 0 0 |a DS778.M3  |b S76 
082 0 4 |a 301.6/333 
082 0 4 |a 320.5/323/0924 
082 1 4 |a 320.5/323/0924  |2 19 
100 1 |a Starr, John Bryan. 
245 1 0 |a Continuing the revolution :  |b the political thought of Mao /  |c John Bryan Starr. 
260 |a Princeton, N.J. :  |b Princeton University Press,  |c c1979. 
300 |a xv, 366 p. ;  |c 24 cm. 
500 |a Includes index. 
504 |a Bibliography: p. 321-354. 
505 0 |a Includes index. 
600 1 0 |a Mao, Tse-tung,  |d 1893-1976  |x Political and social views. 
600 1 4 |a Mao, Zedong,  |d 1893-1976  |x Political and social views. 
650 0 |a Dictatorship of the proletariat. 
852 8 |b CARM  |h A1:AO08G0  |i B08324  |p 0404671  |f BK 
999 f f |i 295489c0-3941-571f-b8a4-5d2922467ce8  |s 83d36f78-781a-58b5-a6ea-9933cb0e18ca 
952 f f |p Can circulate  |a CAVAL  |b CAVAL  |c CAVAL  |d CARM 1 Store  |e B08324  |f A1:AO08G0  |h Other scheme  |i book  |m 0404671